|
|
|
|
| LEADER |
00000cam a2200000 7i4500 |
| 001 |
0000091151 |
| 005 |
20230329150015.0 |
| 008 |
230321 may |
| 020 |
|
|
|a 9789670999142 (
|q paperback)
|
| 040 |
|
|
|e rda
|
| 041 |
|
|
|a Malay
|
| 090 |
0 |
0 |
|a JF FT
|b MAL
|
| 100 |
0 |
|
|a Shelvia,Evi ,
|e (author)
|
| 245 |
0 |
0 |
|a Timun emas
|c Evi Shelvia
|
| 264 |
|
1 |
|a Kuala Lumpur :
|b Integra Creative Media
|c 2016
|
| 300 |
|
|
|a 1 volume (unpaged) :
|b colour illustrations ;
|c 27 cm.
|
| 336 |
|
|
|a text
|2 rdacontent
|
| 337 |
|
|
|a unmediated
|2 rdamedia
|
| 338 |
|
|
|a volume
|2 rdacarrier
|
| 500 |
|
|
|a Children ages 7-9 years old (orange)
|
| 541 |
|
|
|c Purchased on 2022
|f 00363 AIR
|h RM52.00
|
| 650 |
|
0 |
|a Folk literature, Indonesian
|
| 650 |
|
0 |
|a Folklore
|z Indonesia
|
| 730 |
0 |
|
|a Title
|
| 999 |
|
|
|a 0001717342
|b Book
|c Children Collection
|e Perbadanan Perpustakaan Awam Johor
|